| 000 | 01183ngm a22003730a 4500 | ||
|---|---|---|---|
| 001 | PT19510 | ||
| 003 | AR-LpoUNG | ||
| 005 | 20210202000310.0 | ||
| 007 | vd cvaizq | ||
| 008 | 191001s1985||||ag |||||||||||||||||spa d | ||
| 037 | _c$8.3 | ||
| 040 |
_aAR-LpoUNG _bspa _cAR-LpoUNG _eaacr |
||
| 041 | _aspa | ||
| 044 | _aag | ||
| 082 | 0 | _a982.061 96ase | |
| 100 | 1 |
_aJusid, Juan José _edir. |
|
| 245 | 1 | 0 | _aAsesinato en el Senado de la Nación |
| 260 |
_aBuenos Aires : _bArgentina Video Film, _c1985. |
||
| 300 | _aVHS (102 min.) : son., col. | ||
| 505 | 0 | _aGuión: Carlos Somigliana ; fotografía: José María Hermo. | |
| 520 | _aLa película narra el caso real del diputado Lisandro de la Torre mientras investiga un caso de corrupción y cuenta, paralelamente, la vida del que intentará luego asesinarlo. | ||
| 650 | 4 | _aANALISIS HISTORICO | |
| 650 | 4 | _aARGENTINA | |
| 650 | 4 | _aASPECTOS POLITICOS | |
| 650 | 4 | _aCORRUPCION | |
| 650 | 4 | _aHISTORIA POLITICA | |
| 650 | 4 | _aPROBLEMAS POLITICOS | |
| 651 | 4 | _aArgentina | |
| 653 | _aCINE ARGENTINO | ||
| 653 | _aVIDEOS | ||
| 710 | 2 | _aHoracio R. Casares (firma comercial) | |
| 905 | _a19510 | ||
| 942 | _cVIDEO | ||
| 999 |
_c54548 _d54548 |
||